000 00689nam a2200289Ia 4500
005 20260324122041.0
008 008 260324s9999 xx 000 0 eng d
020 _a9780429163630
037 _aEBOOK
040 _aCRL
040 _beng
040 _cCRL
041 _2eng
041 _aeng
084 _qCRL
100 _aJames Bailey; Guozhu Dong
_91164912
245 0 _aContrast Data Mining
245 0 _bConcepts, Algorithms, and Applications
260 _bTaylor and Francis
260 _c2013
365 _a
365 _b225
856 _uhttp://www.taylorfrancis.com/books/9780429163630
942 _cEBOOK
999 _c1757382
_d1757382